000 00708nam a2200229Ia 4500
003 OSt
005 20220923220950.0
006 a|||||r|||| 00| 0
007 ta
008 220922b |||||||| |||| 00| 0 hin d
024 _a192,909
037 _cTextual
040 _aARTS
_cARTS
_bhin
041 _2hin
_ahin
082 _aV2:1:F, 152L3.1
100 _aद्विवेदी, हरिहर निवास
_9157066
245 0 _aदिल्ली के तोमर
_b 736-1193 ई
246 _aDillī ke tomara: 736-1193 ī0
260 _c1973
942 _hV2:1:F, 152L3.1
_cTEXL
_2CC
999 _c345430
_d345430